[Event "Henriquez Urena Memorial 1st"]
[Site "Santo Domingo"]
[Date "2022.09.22"]
[Round "9"]
[White "Ferreira Fernandez, Sergio"]
[Black "Araujo Sanchez, Josue"]
[Result "1/2-1/2"]
[WhiteElo "2119"]
[BlackElo "2281"]
[PlyCount "85"]
[EventDate "2022.09.16"]
[EventType "swiss"]
[EventRounds "9"]
[EventCountry "DOM"]
[SourceTitle "CBM 210 Extra"]
[Source "ChessBase"]
[SourceDate "2022.11.30"]
[SourceVersion "1"]
[SourceVersionDate "2022.11.30"]
[SourceQuality "1"]

1. d4 Nf6 2. c4 e6 3. Nf3 a6 4. a4 a5 5. g3 d5 6. Bg2 Bb4+ 7. Bd2 Nc6 8. Qc1 0-0 9. 0-0 Qe7 10. Bg5 h6 11. Bxf6 Qxf6 12. e3 Rd8 13. Na3 Bd7 14. Nb5 Rac8 15. h3 Bf8 16. Rd1 Be8 17. b3 Nb4 18. Nc3 c5 19. cxd5 cxd4 20. Nxd4 exd5 21. Qd2 Bc6 22. Rac1 Bd6 23. Nce2 Bd7 24. Nc3 Bc6 25. Na2 Rc7 26. Nxb4 Bxb4 27. Qd3 Rcd7 28. Rc2 g6 29. Qe2 Rd6 30. Qf3 Qe7 31. Bf1 h5 32. Bb5 Rf6 33. Qg2 Bxb5 34. Nxb5 Rc6 35. Rdc1 Rdc8 36. Nd4 Rxc2 37. Rxc2 Rxc2 38. Nxc2 Qc5 39. Nd4 Bc3 40. Nb5 Be5 41. Qf3 Qc1+ 42. Kg2 Qd2 43. h4 1/2-1/2

[Event "Henriquez Urena Memorial 1st"]
[Site "Santo Domingo"]
[Date "2022.09.17"]
[Round "3"]
[White "Ferreira Fernandez, Sergio"]
[Black "Guzman, Christopher"]
[Result "1/2-1/2"]
[WhiteElo "2119"]
[BlackElo "2252"]
[PlyCount "90"]
[EventDate "2022.09.16"]
[EventType "swiss"]
[EventRounds "9"]
[EventCountry "DOM"]
[SourceTitle "CBM 210 Extra"]
[Source "ChessBase"]
[SourceDate "2022.11.30"]
[SourceVersion "1"]
[SourceVersionDate "2022.11.30"]
[SourceQuality "1"]

1. d4 Nf6 2. Nf3 e6 3. c4 b6 4. g3 Bb7 5. Bg2 Be7 6. 0-0 0-0 7. Nc3 d5 8. Ne5 Nbd7 9. cxd5 Nxd5 10. Nxd5 exd5 11. Nxd7 Qxd7 12. Qb3 Rfd8 13. a4 Ba6 14. Qf3 c5 15. dxc5 bxc5 16. Rd1 d4 17. Bd2 Rab8 18. Ba5 Rdc8 19. Rd2 Bc4 20. Qe4 Bf6 21. e3 Bb3 22. exd4 cxd4 23. Bf3 Qd6 24. Bc3 Rd8 25. Ba5 Re8 26. Qc6 Qxc6 27. Bxc6 Rec8 28. Bb5 Rc2 29. Ra3 Rc1+ 30. Kg2 Bd5+ 31. f3 Rbc8 32. Bd3 h5 33. Re2 h4 34. Bd2 Rd1 35. Bf4 h3+ 36. Kxh3 Bxf3 37. Rd2 g5 38. Bh7+ Kxh7 39. Rxf3 Rxd2 40. Bxd2 Kg6 41. Kg4 Rc2 42. Rd3 Rxb2 43. h4 gxh4 44. gxh4 Be5 45. h5+ Kf6 1/2-1/2

[Event "DOM-ch"]
[Site "Santo Domingo"]
[Date "2019.05.11"]
[Round "10"]
[White "Polanco Nunez, Yoel Estarling"]
[Black "Ferreira Fernandez, Sergio"]
[Result "1-0"]
[WhiteElo "2277"]
[BlackElo "2110"]
[PlyCount "147"]
[EventDate "2019.04.26"]
[EventType "swiss"]
[EventRounds "11"]
[EventCountry "DOM"]
[SourceTitle "CBM 190 Extra"]
[Source "ChessBase"]
[SourceDate "2019.07.15"]
[SourceVersion "1"]
[SourceVersionDate "2019.07.15"]
[SourceQuality "1"]

1. d4 d5 2. c4 dxc4 3. Nf3 Nf6 4. e3 e6 5. Bxc4 c5 6. 0-0 a6 7. Bd3 Nc6 8. a3 cxd4 9. exd4 Be7 10. Nc3 0-0 11. Bc2 b5 12. Qd3 Bb7 13. Bg5 g6 14. Rfd1 Na5 15. Ne5 Rc8 16. Bh6 Re8 17. Qe2 Nc4 18. Bb3 Qb6 19. Rac1 Red8 20. Bxc4 bxc4 21. Nxc4 Qc6 22. Ne3 Qd6 23. Nf1 Qb6 24. Be3 Qb3 25. Qc2 Qc4 26. Qa4 Rd7 27. Qxc4 Rxc4 28. Nd2 Rc8 29. Nb3 Ng4 30. Bf4 g5 31. Bd2 h6 32. h3 Nf6 33. Be3 Nd5 34. Nxd5 Rxd5 35. Nc5 Bxc5 36. dxc5 Bc6 37. Rxd5 exd5 38. h4 f6 39. Bd4 Kf7 40. f3 Rb8 41. Kf2 Rb3 42. Bc3 Rb5 43. b4 Rb8 44. hxg5 hxg5 45. Rh1 Kg6 46. Bxf6 Bb5 47. Bd4 Re8 48. Be3 Bc6 49. Rd1 Rd8 50. Rd4 Kf5 51. Rg4 Rg8 52. Ke2 Bd7 53. Kd3 Kf6 54. Rd4 Ke5 55. Bxg5 Bf5+ 56. Kc3 Ke6 57. g4 Rxg5 58. gxf5+ Rxf5 59. f4 Kd7 60. Kb3 Kc6 61. Ka4 Rf8 62. Ka5 Rf5 63. a4 Rf8 64. f5 Rxf5 65. Rh4 Rf6 66. Kxa6 Rg6 67. Rh1 d4 68. Rc1 d3 69. b5+ Kc7+ 70. c6 d2 71. b6+ Kc8 72. Rd1 Rxc6 73. Rxd2 Rg6 74. a5 1-0

[Event "DOM-ch"]
[Site "Santo Domingo"]
[Date "2018.04.27"]
[Round "5"]
[White "Camacho Campusano, David Daniel"]
[Black "Ferreira Fernandez, Sergio"]
[Result "1-0"]
[WhiteElo "2091"]
[BlackElo "2153"]
[PlyCount "47"]
[EventDate "2018.04.20"]
[EventType "swiss"]
[EventRounds "11"]
[EventCountry "DOM"]
[SourceTitle "CBM 184 Extra"]
[Source "ChessBase"]
[SourceDate "2018.06.28"]
[SourceVersion "1"]
[SourceVersionDate "2018.06.28"]
[SourceQuality "1"]

1. e4 e6 2. d4 d5 3. Bd3 dxe4 4. Bxe4 Nf6 5. Bf3 c5 6. Ne2 Nc6 7. Be3 Nd5 8. Bxd5 Qxd5 9. Nbc3 Qc4 10. b3 Qb4 11. a3 Qb6 12. dxc5 Bxc5 13. Na4 Qa5+ 14. Bd2 Qb5 15. Nec3 Bxf2+ 16. Kxf2 Qf5+ 17. Kg1 b5 18. Nb2 Nd4 19. Nd3 Bb7 20. Be3 Rd8 21. Bxd4 Rxd4 22. Qf1 Qg6 23. Ne5 Qh5 24. Qxb5+ 1-0

[Event "DOM-ch"]
[Site "Santo Domingo"]
[Date "2017.04.30"]
[Round "8"]
[White "Guzman, Christopher"]
[Black "Ferreira Fernandez, Sergio"]
[Result "1/2-1/2"]
[WhiteElo "2347"]
[BlackElo "2087"]
[PlyCount "79"]
[EventDate "2017.04.21"]
[EventType "swiss"]
[EventRounds "11"]
[EventCountry "DOM"]
[SourceTitle "CBM 178 Extra"]
[Source "ChessBase"]
[SourceDate "2017.06.22"]
[SourceVersion "1"]
[SourceVersionDate "2017.06.22"]
[SourceQuality "1"]

1. e4 c5 2. Nf3 Nc6 3. d4 cxd4 4. Nxd4 g6 5. c4 Bg7 6. Be3 Nf6 7. Nc3 Ng4 8. Qxg4 Nxd4 9. Qd1 Ne6 10. Qd2 Qa5 11. Be2 Bxc3 12. bxc3 b6 13. Rd1 d6 14. Qd5 Qxd5 15. cxd5 Nc7 16. Kd2 Ba6 17. a4 Bxe2 18. Kxe2 Kd7 19. a5 b5 20. Rb1 a6 21. c4 bxc4 22. Rhc1 Nb5 23. Rxc4 Rhc8 24. Rbb4 Rxc4 25. Rxc4 Rc8 26. Rb4 Rc7 27. g4 Rc2+ 28. Kf3 Ke8 29. g5 Kd7 30. e5 dxe5 31. Rh4 Rc8 32. Rxh7 Rf8 33. Bd2 Nd6 34. Bb4 e6 35. dxe6+ Kxe6 36. Ke2 Rd8 37. h4 Nf5 38. h5 gxh5 39. Rxh5 Rd4 40. Be1 1/2-1/2

[Event "DOM-ch"]
[Site "Santo Domingo"]
[Date "2017.04.22"]
[Round "2"]
[White "Ferreira Fernandez, Sergio"]
[Black "Arvelo Leo, Gian Carlo"]
[Result "1-0"]
[WhiteElo "2087"]
[BlackElo "2174"]
[PlyCount "75"]
[EventDate "2017.04.21"]
[EventType "swiss"]
[EventRounds "11"]
[EventCountry "DOM"]
[SourceTitle "CBM 178 Extra"]
[Source "ChessBase"]
[SourceDate "2017.06.22"]
[SourceVersion "1"]
[SourceVersionDate "2017.06.22"]
[SourceQuality "1"]

1. d4 Nf6 2. Nf3 g6 3. c4 Bg7 4. Nc3 0-0 5. e4 d6 6. h3 Na6 7. Bg5 c5 8. d5 Nc7 9. Bd3 a6 10. a4 Bd7 11. 0-0 Rb8 12. Qe2 e5 13. Rfb1 a5 14. Nb5 Nxb5 15. cxb5 h6 16. Bh4 g5 17. Bg3 g4 18. hxg4 Bxg4 19. Qe3 Nh5 20. Bh4 Bf6 21. Bxf6 Qxf6 22. Nh2 Bd7 23. g3 Kh7 24. Kh1 Rg8 25. Rg1 Rg7 26. Be2 Qg6 27. Bxh5 Qxh5 28. f3 Qh3 29. Qf2 h5 30. g4 hxg4 31. fxg4 Qd3 32. Rae1 Rh8 33. Re3 Qc4 34. Qh4+ Kg6 35. Qxh8 Qxa4 36. g5 Rh7 37. Qf6+ Kh5 38. g6 1-0

[Event "DOM-ch"]
[Site "Santo Domingo"]
[Date "2016.04.03"]
[Round "4"]
[White "Ferreira Fernandez, Sergio"]
[Black "Guzman, Christopher"]
[Result "1-0"]
[WhiteElo "2089"]
[BlackElo "2272"]
[PlyCount "120"]
[EventDate "2016.04.01"]
[EventType "swiss"]
[EventRounds "11"]
[EventCountry "DOM"]
[SourceTitle "CBM 171 Extra"]
[Source "ChessBase"]
[SourceDate "2016.04.26"]
[SourceVersion "1"]
[SourceVersionDate "2016.04.26"]
[SourceQuality "1"]

1. d4 Nf6 2. Nf3 e6 3. c4 d5 4. g3 Be7 5. Bg2 0-0 6. 0-0 dxc4 7. Qc2 a6 8. Qxc4 b5 9. Qc2 Bb7 10. Bd2 Be4 11. Qc1 Nbd7 12. Ba5 Ra7 13. Nbd2 Bd5 14. Qc3 Qa8 15. Bb4 Bd6 16. Bxd6 cxd6 17. Rfc1 Nb6 18. Qa5 Qb7 19. b3 Raa8 20. Rc3 Rfc8 21. Rac1 Rxc3 22. Rxc3 Ne4 23. Nxe4 Bxe4 24. Rc1 f5 25. Ne1 Bxg2 26. Nxg2 Nd5 27. Nf4 Nxf4 28. gxf4 Qe4 29. e3 Rf8 30. Qxa6 Rf6 31. Qc8+ Kf7 32. Qd7+ Kg6 33. Qc6 d5 34. Qc2 Qf3 35. Qd1 Qh3 36. Qf1 Qh5 37. f3 Kh6 38. Rc2 g5 39. Rg2 gxf4 40. exf4 b4 41. Qe1 Rg6 42. Qe5 Qxf3 43. Rxg6+ Kxg6 44. Qxe6+ Kg7 45. Qe7+ Kg8 46. Qg5+ Kh8 47. Qxf5 h6 48. Qe5+ Kh7 49. f5 Qd1+ 50. Kf2 Qd2+ 51. Kf3 Qd3+ 52. Kg4 Qd1+ 53. Kh4 Qg1 54. Qe7+ Kh8 55. Qe5+ Kh7 56. f6 Qf2+ 57. Kg4 Qg2+ 58. Qg3 Qe4+ 59. Qf4 Qg6+ 60. Kh4 Kg8 1-0

[Event "Santo Domingo La Raza op"]
[Site "Santo Domingo"]
[Date "2015.10.20"]
[Round "6"]
[White "Ferreira Fernandez, Sergio"]
[Black "Jaquez, Juan Manuel"]
[Result "1-0"]
[WhiteElo "2020"]
[BlackElo "2103"]
[PlyCount "135"]
[EventDate "2015.10.12"]
[EventType "swiss"]
[EventRounds "8"]
[EventCountry "DOM"]
[SourceTitle "CBM 169 Extra"]
[Source "ChessBase"]
[SourceDate "2015.12.18"]
[SourceVersion "1"]
[SourceVersionDate "2015.12.18"]
[SourceQuality "1"]

1. d4 Nf6 2. Nf3 e6 3. c4 b6 4. g3 Bb7 5. Bg2 Be7 6. 0-0 0-0 7. Nc3 Ne4 8. Qd3 Nxc3 9. Qxc3 f5 10. Ne5 Bxg2 11. Kxg2 d6 12. Qf3 Nd7 13. Nxd7 Qxd7 14. b3 Bf6 15. Bb2 Rae8 16. Rad1 c6 17. Ba3 Rf7 18. Rd2 Bg5 19. e3 d5 20. Rc1 Bd8 21. Rdc2 Rf6 22. Qd1 g5 23. f4 Rg6 24. Qf3 Kg7 25. Rc3 Rh8 26. b4 h5 27. b5 g4 28. Qe2 dxc4 29. Qxc4 cxb5 30. Qc6 Qxc6+ 31. Rxc6 h4 32. Bd6 Kf7 33. Rc8 hxg3 34. hxg3 Rgh6 35. R8c2 Rh2+ 36. Kf1 Rh1+ 37. Ke2 Rxc1 38. Rxc1 Rh2+ 39. Kd3 Rxa2 40. Rc8 Ke8 41. Be5 Kd7 42. Rb8 Ra3+ 43. Kd2 b4 44. Rb7+ Kc6 45. Rb8 Be7 46. Rc8+ Kd7 47. Rc7+ Kd8 48. Rb7 Bf8 49. Rb8+ Ke7 50. Rb7+ Ke8 51. Rb8+ Kf7 52. Rb7+ Kg6 53. Rb8 Bg7 54. Rg8 a5 55. Rxg7+ Kh6 56. Re7 Ra2+ 57. Kc1 b3 58. Rxe6+ Kh7 59. Rxb6 a4 60. Rb4 Kg6 61. d5 Kf7 62. Rb7+ Ke8 63. d6 Rc2+ 64. Kd1 Rc6 65. Ra7 b2 66. Bxb2 Rxd6+ 67. Ke2 Rb6 68. Bd4 1-0

[Event "Santo Domingo La Raza op"]
[Site "Santo Domingo"]
[Date "2015.10.20"]
[Round "7"]
[White "Ferreira Fernandez, Sergio"]
[Black "Polanco Nunez, Yoel Estarling"]
[Result "1-0"]
[WhiteElo "2020"]
[BlackElo "2202"]
[PlyCount "76"]
[EventDate "2015.10.12"]
[EventType "swiss"]
[EventRounds "8"]
[EventCountry "DOM"]
[SourceTitle "CBM 169 Extra"]
[Source "ChessBase"]
[SourceDate "2015.12.18"]
[SourceVersion "1"]
[SourceVersionDate "2015.12.18"]
[SourceQuality "1"]

1. d4 f5 2. Nf3 Nf6 3. g3 g6 4. Bg2 Bg7 5. 0-0 0-0 6. c4 c5 7. d5 d6 8. Nc3 Na6 9. Re1 Nc7 10. e4 fxe4 11. Nxe4 b5 12. Nxf6+ exf6 13. cxb5 Nxb5 14. a4 Nc7 15. Nd2 Ba6 16. Ne4 f5 17. Ng5 Rb8 18. Rb1 Rb4 19. Ne6 Nxe6 20. Rxe6 Bc8 21. Re2 Bd7 22. b3 Bxa4 23. Bd2 Rxb3 24. Rxb3 c4 25. Be3 Bxb3 26. Qc1 Re8 27. Bf1 Qd7 28. Qa3 Bc3 29. Bxa7 Ra8 30. Qc1 Bg7 31. Be3 Ra1 32. Qd2 c3 33. Qd3 Ra5 34. Bg5 Be5 35. Rxe5 dxe5 36. Qxc3 Qxd5 37. Qc8+ Kf7 38. Qc7+ Kf8 1-0

[Event "Santo Domingo La Raza op"]
[Site "Santo Domingo"]
[Date "2015.10.13"]
[Round "3"]
[White "Guzman, Christopher"]
[Black "Ferreira Fernandez, Sergio"]
[Result "1/2-1/2"]
[WhiteElo "2264"]
[BlackElo "2020"]
[PlyCount "48"]
[EventDate "2015.10.12"]
[EventType "swiss"]
[EventRounds "8"]
[EventCountry "DOM"]
[SourceTitle "CBM 169 Extra"]
[Source "ChessBase"]
[SourceDate "2015.12.18"]
[SourceVersion "1"]
[SourceVersionDate "2015.12.18"]
[SourceQuality "1"]

1. e4 e6 2. Nf3 d5 3. exd5 exd5 4. d4 Bd6 5. c4 dxc4 6. Bxc4 Nf6 7. 0-0 0-0 8. Nc3 c6 9. Bg5 h6 10. Bh4 Bf5 11. Re1 Nbd7 12. a4 a5 13. Ne5 Qc7 14. Bg3 Nb6 15. Bb3 Nbd5 16. Qf3 Be6 17. Nxd5 Bxd5 18. Bxd5 Nxd5 19. Rad1 Rae8 20. Qf5 Qc8 21. Qf3 Bb4 22. Re2 f6 23. Nc4 Rxe2 24. Qxe2 Re8 1/2-1/2